|
|
|
|
| LEADER |
01330cam a2200289 a 4500 |
| 001 |
823463 |
| 003 |
GR-PaULI |
| 005 |
20210117210922.0 |
| 008 |
761215s1976 ne b 100 0 eng |
| 952 |
|
|
|0 0
|1 0
|2 ddc
|4 0
|6 Π_Σ_006_300000000000000_NAT
|7 0
|9 233072
|a LISP
|b LISP
|c REF
|d 2019-06-13
|i 07775
|l 0
|o Π/Σ 006.3 NAT
|p 025000113668
|r 2019-06-13 00:00:00
|t 1
|v 2019.00
|w 2019-06-13
|y BKN
|
| 999 |
|
|
|c 141478
|d 141478
|
| 010 |
|
|
|a 76378425
|
| 020 |
|
|
|a 9028604758
|
| 040 |
|
|
|a DLC
|c GR-PaULI
|d
|b gre
|e AACR2
|
| 082 |
0 |
0 |
|a 006.3
|2 23
|
| 111 |
|
|
|a NATO Advanced Study Institute on Computer Oriented Learning Processes
|d (1974 :
|c Gers, France)
|9 176321
|
| 245 |
1 |
0 |
|a Computer oriented learning processes :
|b [proceedings of the NATO Advanced Study Institute on Computer Oriented Learning Processes] /
|c edited by J. C. Simon.
|
| 260 |
|
|
|a Leyden :
|b Noordhoff,
|c 1976.
|
| 300 |
|
|
|a vi, 595 σ. ;
|c 25 εκ.
|
| 490 |
1 |
|
|a NATO advanced study institutes series: Series E. Applied sciences
|v 14.
|
| 500 |
|
|
|a
|
| 504 |
|
|
|a Περιλαμβάνει βιβλιογραφικές παραπομπές.
|
| 650 |
|
4 |
|a Τεχνητή νοημοσύνη
|9 84642
|
| 700 |
1 |
|
|a Simon, Jean Claude,
|d 1923-
|9 176318
|e επιμελητής.
|
| 830 |
|
0 |
|9 162657
|a NATO ASI series
|p Applied sciences
|v 14.
|
| 942 |
|
|
|2 ddc
|c BKN
|
| 998 |
|
|
|c ΜΠΟΥΡΑΣ
|d 2019-06
|